Nicaragua: Descentralización y asociacionismo municipal; la descentralización desde la perspectiva de las municipalidades /
محفوظ في:
| المؤلف الرئيسي: | |
|---|---|
| مؤلف مشترك: | |
| مؤلفون آخرون: | , |
| التنسيق: | نص |
| منشور في: |
Managua:
UCA. CASC
|
| الوسوم: |
إضافة وسم
لا توجد وسوم, كن أول من يضع وسما على هذه التسجيلة!
|
MARC
| LEADER | 00000 a a2200000 04500 | ||
|---|---|---|---|
| 001 | 12251 | ||
| 003 | |||
| 040 | |||
| 090 | |a 142400 | ||
| 100 | |a Ortega Hegg, Manuel | ||
| 110 | |a Universidad Centroamericana, Managua. Centro de Análisis Socio-Cultural | ||
| 245 | |a Nicaragua: Descentralización y asociacionismo municipal; la descentralización desde la perspectiva de las municipalidades / |c Manuel Ortega Hegg | ||
| 260 | |a Managua: |b UCA. CASC | ||
| 300 | |a v, 210 p. | ||
| 300 | |b **no definido** | ||
| 700 | |a coord | ||
| 700 | |a Navas Morales, Jorge | ||
| 999 | |c 9324 |d 9324 | ||
